000 00763nam a2200289Ia 4500
005 20260324134441.0
008 008 260324s9999 xx 000 0 eng d
020 _a9780203820490
037 _aEBOOK
040 _aCRL
040 _beng
040 _cCRL
041 _2eng
041 _aeng
084 _qCRL
100 _aMarcelo M. Suarez-Orozco; Carola Suarez-Orozco; Desiree Qin-Hillard
_91196862
245 4 _aThe New Immigrant in American Society
245 0 _bInterdisciplinary Perspectives on the New Immigration
260 _bTaylor and Francis
260 _c2002
365 _a
365 _b290
856 _uhttp://www.taylorfrancis.com/books/9780203820490
942 _cEBOOK
999 _c1796983
_d1796983